| 000 | 00633cam a22001934a 4500 | ||
|---|---|---|---|
| 020 | _a1591391660 | ||
| 040 | _cDLC | ||
| 082 | 0 | 0 | _a658 HAR 2004 A113 Or. |
| 100 | 1 | _aKellerman, Barbara. | |
| 245 | 1 | 0 |
_aBad leadership : _bwhat it is, how it happens, why it matters / |
| 260 |
_aBoston : _bHarvard Business School Press, _cc2004. |
||
| 300 |
_axvi, 282 p. ; _c24 cm. |
||
| 650 | 0 | _aLeadership. | |
| 650 | 0 | _aDecision making. | |
| 650 | 0 | _aPersonality and occupation. | |
| 856 | 4 | 1 | _uhttp://www.loc.gov/catdir/toc/ecip0419/2004014041.html |
| 856 | 4 | 2 | _uhttp://www.loc.gov/catdir/enhancements/fy1311/2004014041-d.html |
| 942 | _cEK | ||
| 999 |
_c17379 _d17379 |
||